Alle Ausfahrten der Semmering-Schnellstraße (S6) - Statistiken

Allgemein
  • Dieses Quiz wurde 33 mal gespielt
  • Das Durchschnittsergebnis liegt bei 18 aus 25
Antwortstatistiken
km Bz. Ausfahrt % Korrekt
92,6 LE Leoben-Ost
100%
98,5 LE Leoben-West
100%
36,8 BM Mürzzuschlag-Ost
100%
41,7 BM Mürzzuschlag-West
100%
79,4 BM Bruck an der Mur
97%
83,9 BM Oberaich / Bruck-West
97%
60,8 BM Kindberg-Ost
94%
62,3 BM Kindberg-West
94%
4,8 NK Neunkirchen
94%
104,9 LE St. Michael
94%
103,5 LE St. Michael-Ost
94%
31,7 BM Spital am Semmering
90%
17,0 NK Gloggnitz
87%
73,5 BM Kapfenberg
87%
66,2 BM Allerheiligen im Mürztal / Mürzhofen
74%
24,8 NK Maria Schutz
68%
1,3 NK Seebenstein
68%
88,4 LE Niklasdorf
58%
63,4 BM Kindbergdörfl
52%
70,5 BM St. Marein im Mürztal
52%
49,8 BM Krieglach
48%
47,1 BM Langenwang
42%
45,1 BM Hönigsberg
26%
54,9 BM Mitterdorf im Mürztal
16%
0,0 NK Sautern
6%
Keine übereinstimmenden Quizze gefunden
Verteilung der Resultate
Anzahl Personen mit jedem Resultat
Perzentil nach korrekt beantworteten Fragen
Ihre Resultats-Entwicklung
Sie haben dieses Quiz noch nicht gespielt